000 00815nam a2200241 i 4500
001 55489
003 ES-MaACL
005 20230906163146.0
007 t|
008 030922s1978 sp ||||1| spa d
020 _a84-7317-075-X
100 1 _aDersofi, Nancy.
_943802
245 1 0 _aArcadia and the stage
_b: introduction to the dramatic art of Angelo Beolco called Ruzante /
_cby Nancy Dersofi ; with an introduction by Dante Della Terza.
260 _a[Madrid :
_bPorrúa Turanzas,
_c1978]
300 _aX, 171 p. ;
_c22 cm.
490 1 _aStudia humanitatis
504 _aBibliografía: p. 163-166.
600 1 4 _aRuzzante-
_xCrítica e interpretación.
_9172545
700 1 _aDella Terza, Dante.
_943535
830 1 _aStudia humanitatis
_9181639
852 _aES-MaACL
_jL-2800
999 _c55489
_d55489